[Event "Hamburg-ch Seniors 65+ op 26th"]
[Site "Hamburg"]
[Date "2019.11.16"]
[Round "6"]
[White "Geissler, Karl Heinz"]
[Black "Duemmke, Juergen"]
[Result "0-1"]
[WhiteElo "1582"]
[BlackElo "2010"]
[PlyCount "86"]
[EventDate "2019.11.11"]
[EventType "swiss"]
[EventRounds "9"]
[EventCountry "GER"]
[SourceTitle "EXT 2022"]
[Source "ChessBase"]
[SourceDate "2021.10.06"]
[SourceVersion "1"]
[SourceVersionDate "2021.10.06"]
[SourceQuality "1"]

1. d4 Nf6 2. Nf3 e6 3. e3 b6 4. Be2 Bb7 5. 0-0 Be7 6. Nbd2 0-0 7. c4 d6 8. b3 Nbd7 9. Bb2 c5 10. Qc2 Rc8 11. dxc5 Nxc5 12. Rac1 d5 13. Qb1 Nfe4 14. cxd5 Nxd2 15. Nxd2 Qxd5 16. Nf3 Rfd8 17. Rfd1 Qe4 18. Rxd8+ Rxd8 19. Qxe4 Bxe4 20. Bd4 a5 21. Nd2 Bd5 22. Nc4 Bxc4 23. Bxc4 Rc8 24. Be2 Rd8 25. Rd1 f6 26. g3 Kf7 27. Rc1 e5 28. Bxc5 Bxc5 29. Bc4+ Ke7 30. Rc2 g5 31. Kf1 Rd1+ 32. Kg2 f5 33. Be2 Rd8 34. Bc4 Kf6 35. Kf3 e4+ 36. Kg2 Ke5 37. Kg1 Rd6 38. Kg2 f4 39. exf4+ gxf4 40. h3 f3+ 41. Kh2 Rd1 42. g4 Kf4 43. Bb5 Bd6 0-1

[Event "GER-ch Seniors 65"]
[Site "Hamburg"]
[Date "2018.07.27"]
[Round "7"]
[White "Geissler, Karl Heinz"]
[Black "Moews, Harald"]
[Result "1-0"]
[WhiteElo "1574"]
[BlackElo "1772"]
[PlyCount "51"]
[EventDate "2018.07.21"]
[EventType "swiss"]
[EventRounds "9"]
[EventCountry "GER"]
[SourceTitle "CBM 186 Extra"]
[Source "ChessBase"]
[SourceDate "2018.08.24"]
[SourceVersion "1"]
[SourceVersionDate "2018.08.24"]
[SourceQuality "1"]

1. d4 e6 2. e4 Be7 3. Nf3 d6 4. Bd3 Nd7 5. 0-0 a6 6. c4 c5 7. d5 e5 8. Nc3 Nf8 9. h3 Ng6 10. Nh2 Nf6 11. f4 exf4 12. Bxf4 Nd7 13. Bg3 Nde5 14. Nf3 Bf6 15. Nxe5 Nxe5 16. Rf2 0-0 17. Qe2 Bd7 18. Raf1 Rb8 19. Nd1 Qe7 20. Ne3 b5 21. Rxf6 gxf6 22. b3 Kh8 23. Bh4 Kg8 24. Bxf6 Qe8 25. Qh5 Ng6 26. Qh6 1-0

[Event "GER-ch Seniors 65"]
[Site "Hamburg"]
[Date "2018.07.25"]
[Round "5"]
[White "Geissler, Karl Heinz"]
[Black "Mertens, Gottfried"]
[Result "1/2-1/2"]
[WhiteElo "1574"]
[BlackElo "1790"]
[PlyCount "87"]
[EventDate "2018.07.21"]
[EventType "swiss"]
[EventRounds "9"]
[EventCountry "GER"]
[SourceTitle "CBM 186 Extra"]
[Source "ChessBase"]
[SourceDate "2018.08.24"]
[SourceVersion "1"]
[SourceVersionDate "2018.08.24"]
[SourceQuality "1"]

1. d4 f5 2. Bf4 Nf6 3. h3 e6 4. Nf3 d5 5. Nbd2 Bd6 6. Ne5 Nbd7 7. Ndf3 Ne4 8. Qc1 0-0 9. e3 Nxe5 10. Bxe5 Bd7 11. Bd3 Be8 12. c3 Bh5 13. Qc2 Bxf3 14. gxf3 Bxe5 15. dxe5 Nc5 16. 0-0-0 Nxd3+ 17. Qxd3 c5 18. Rdg1 Qc7 19. f4 d4 20. Qc4 Qe7 21. exd4 cxd4 22. Qxd4 Rfd8 23. Qe3 Qd7 24. a3 Qa4 25. Rd1 b6 26. Rd6 Rxd6 27. exd6 Qd7 28. Rd1 Rd8 29. Rd4 Kf7 30. h4 Qc6 31. Qe5 Qh1+ 32. Kc2 Qxh4 33. Qe2 Rd7 34. Qa6 Qd8 35. Qd3 g6 36. b4 h5 37. c4 Qa8 38. c5 Qc6 39. Rc4 b5 40. Rc3 a6 41. Qd4 Rd8 42. Qe5 a5 43. Re3 Qd7 44. Rc3 1/2-1/2

[Event "GER-ch Seniors 65"]
[Site "Hamburg"]
[Date "2018.07.21"]
[Round "1"]
[White "Geissler, Karl Heinz"]
[Black "Strampfer, Jens"]
[Result "0-1"]
[WhiteElo "1574"]
[BlackElo "1958"]
[PlyCount "60"]
[EventDate "2018.07.21"]
[EventType "swiss"]
[EventRounds "9"]
[EventCountry "GER"]
[SourceTitle "CBM 186 Extra"]
[Source "ChessBase"]
[SourceDate "2018.08.24"]
[SourceVersion "1"]
[SourceVersionDate "2018.08.24"]
[SourceQuality "1"]

1. d4 d5 2. Nf3 c5 3. Bf4 Nc6 4. c3 f6 5. e3 Bg4 6. Be2 e5 7. dxe5 Bxf3 8. Bxf3 fxe5 9. Bg3 e4 10. Be2 Nf6 11. Bh4 Be7 12. 0-0 0-0 13. Nd2 Qb6 14. Qb3 Qxb3 15. Nxb3 Rad8 16. Rad1 b6 17. Bg3 Bd6 18. Bh4 c4 19. Nd4 Nxd4 20. cxd4 Rc8 21. f4 c3 22. bxc3 Rxc3 23. Kf2 Rc2 24. Bxf6 gxf6 25. Rc1 Rfc8 26. Rxc2 Rxc2 27. Ra1 Ba3 28. Ke1 Rc3 29. Kd2 Bb4 30. Rb1 Rb3+ 0-1

[Event "Hamburg-ch Seniors 23rd"]
[Site "Hamburg"]
[Date "2016.11.08"]
[Round "7"]
[White "Geissler, Karl Heinz"]
[Black "Stepien, Tomasz"]
[Result "1/2-1/2"]
[WhiteElo "1631"]
[BlackElo "1317"]
[PlyCount "36"]
[EventDate "2016.11.02"]
[EventType "swiss"]
[EventRounds "9"]
[EventCountry "GER"]
[SourceTitle "EXT 2019"]
[Source "ChessBase"]
[SourceDate "2018.10.10"]
[SourceVersion "1"]
[SourceVersionDate "2018.10.10"]
[SourceQuality "1"]

1. c4 Nf6 2. Nc3 e6 3. d4 Bb4 4. Qb3 c5 5. Bd2 Nc6 6. dxc5 Bxc5 7. e3 0-0 8. Na4 Bd6 9. Be2 b6 10. Nf3 Ne4 11. 0-0 Nxd2 12. Nxd2 Bb7 13. Qd1 Ne5 14. Nf3 Nxf3+ 15. Bxf3 Bxf3 16. Qxd6 Qg5 17. Qg3 Qxg3 18. hxg3 Bc6 1/2-1/2

[Event "Hamburg-ch Seniors 23rd"]
[Site "Hamburg"]
[Date "2016.11.05"]
[Round "4"]
[White "Geissler, Karl Heinz"]
[Black "Hotze, Kurt"]
[Result "1/2-1/2"]
[WhiteElo "1631"]
[BlackElo "1722"]
[PlyCount "56"]
[EventDate "2016.11.02"]
[EventType "swiss"]
[EventRounds "9"]
[EventCountry "GER"]
[SourceTitle "EXT 2019"]
[Source "ChessBase"]
[SourceDate "2018.10.10"]
[SourceVersion "1"]
[SourceVersionDate "2018.10.10"]
[SourceQuality "1"]

1. c4 e5 2. Nc3 Nf6 3. d3 b6 4. e3 Bb7 5. e4 Bb4 6. h3 c6 7. Nf3 d6 8. a3 Bxc3+ 9. bxc3 0-0 10. Be2 Re8 11. 0-0 d5 12. cxd5 cxd5 13. exd5 Nxd5 14. Bb2 Nf4 15. Ne1 Qg5 16. Kh2 Nxg2 17. Bf3 Bxf3 18. Qxf3 Nd7 19. Qxg2 Qxg2+ 20. Nxg2 Nc5 21. Rad1 Na4 22. Ba1 Rac8 23. c4 f6 24. Ne3 Nc5 25. Nf5 Rcd8 26. d4 Nb3 27. dxe5 Rxd1 28. Rxd1 Nxa1 1/2-1/2

[Event "Hamburg HSK Christmas op 1st"]
[Site "Hamburg"]
[Date "2015.12.29"]
[Round "7"]
[White "Geissler, Karl Heinz"]
[Black "Sommer, Frank"]
[Result "1/2-1/2"]
[WhiteElo "1694"]
[BlackElo "1052"]
[PlyCount "65"]
[EventDate "2015.12.27"]
[EventType "swiss"]
[EventRounds "7"]
[EventCountry "GER"]
[SourceTitle "EXT 2022"]
[Source "ChessBase"]
[SourceDate "2021.10.06"]
[SourceVersion "1"]
[SourceVersionDate "2021.10.06"]
[SourceQuality "1"]

1. d4 d5 2. c4 Nf6 3. Bf4 e6 4. c5 Be7 5. e3 0-0 6. Bd3 b6 7. b4 Ba6 8. b5 Bb7 9. c6 Bc8 10. Nf3 a6 11. Qb3 axb5 12. Bxb5 Ba6 13. Ne5 Bxb5 14. Qxb5 Qe8 15. 0-0 Ra5 16. Qb3 Nxc6 17. Nxc6 Qxc6 18. Nd2 Qd7 19. Rfc1 Rc8 20. Nf3 h6 21. Ne5 Qe8 22. Nc6 Raa8 23. h3 Bd6 24. Bh2 Bxh2+ 25. Kxh2 Kh8 26. f3 Ng8 27. Qb4 Qd7 28. Ne5 Qe8 29. Nc6 f6 30. Rc2 Qf7 31. Rac1 Re8 32. Qb5 Rec8 33. f4 1/2-1/2

[Event "Hamburg HSK Christmas op 1st"]
[Site "Hamburg"]
[Date "2015.12.27"]
[Round "2"]
[White "Mi, Gufeng"]
[Black "Geissler, Karl Heinz"]
[Result "1/2-1/2"]
[WhiteElo "1455"]
[BlackElo "1694"]
[PlyCount "118"]
[EventDate "2015.12.27"]
[EventType "swiss"]
[EventRounds "7"]
[EventCountry "GER"]
[SourceTitle "EXT 2022"]
[Source "ChessBase"]
[SourceDate "2021.10.06"]
[SourceVersion "1"]
[SourceVersionDate "2021.10.06"]
[SourceQuality "1"]

1. Nf3 d5 2. g3 c5 3. Bg2 e6 4. 0-0 b5 5. d3 Bb7 6. Nbd2 Bd6 7. e4 dxe4 8. dxe4 e5 9. Re1 Nf6 10. Nh4 g6 11. Qe2 Bc6 12. Nf1 Nbd7 13. Bg5 h6 14. Bxf6 Nxf6 15. Rad1 Qc7 16. f4 0-0-0 17. fxe5 Bxe5 18. Rxd8+ Rxd8 19. c3 c4 20. Nf3 Nd7 21. Nd4 Qb6 22. Qf2 Kb7 23. Nxc6 Qxf2+ 24. Kxf2 Kxc6 25. Rd1 Kc7 26. Ne3 Nf6 27. Nd5+ Nxd5 28. exd5 Kd6 29. Kf3 f5 30. Re1 h5 31. Kf2 a5 32. Bf3 Rd7 33. Rc1 a4 34. a3 Rh7 35. h4 Re7 36. Kg2 Bg7 37. Rc2 Bh6 38. Kf1 Re3 39. Kg2 Rd3 40. Rf2 Rd2 41. Re2 Rxe2+ 42. Bxe2 Kxd5 43. Bf3+ Kd6 44. Bb7 Bc1 45. Kf3 Ke5 46. Bc6 Bxb2 47. Bxb5 Bxc3 48. Bxc4 Bb2 49. Bb5 Bxa3 50. Bxa4 Bd6 51. Be8 Kf6 52. Bc6 Bf8 53. Be8 Bh6 54. Kg2 f4 55. gxf4 Bxf4 56. Kh3 Kg7 57. Bc6 Kh6 58. Bd5 g5 59. hxg5+ Kxg5 1/2-1/2

[Event "Hamburg-ch Seniors 21st"]
[Site "Hamburg"]
[Date "2014.10.31"]
[Round "4"]
[White "Geissler, Karl Heinz"]
[Black "Albers, Friedemann"]
[Result "1/2-1/2"]
[WhiteElo "1457"]
[BlackElo "1706"]
[PlyCount "47"]
[EventDate "2014.10.29"]
[EventType "swiss"]
[EventRounds "9"]
[EventCountry "GER"]
[SourceTitle "EXT 2018"]
[Source "ChessBase"]
[SourceDate "2017.10.13"]
[SourceVersion "1"]
[SourceVersionDate "2017.10.13"]
[SourceQuality "1"]

1. d4 Nf6 2. c4 e6 3. Nc3 Bb4 4. Bd2 b6 5. e3 Bb7 6. Nf3 0-0 7. a3 Be7 8. Be2 c5 9. 0-0 cxd4 10. exd4 d5 11. Ne5 dxc4 12. Bf3 Bd5 13. Bxd5 exd5 14. Qf3 a6 15. Bg5 h6 16. Bxf6 Bxf6 17. Nxd5 Bxe5 18. dxe5 Nd7 19. Qc3 Rc8 20. Rad1 Qe8 21. Rfe1 Qe6 22. Nf4 Qf5 23. Nd5 Rfe8 24. Qb4 1/2-1/2

[Event "Hamburg-ch Seniors 21st"]
[Site "Hamburg"]
[Date "2014.10.30"]
[Round "3"]
[White "Geissler, Karl Heinz"]
[Black "Wolke, Reimund"]
[Result "1/2-1/2"]
[WhiteElo "1457"]
[BlackElo "1701"]
[PlyCount "81"]
[EventDate "2014.10.29"]
[EventType "swiss"]
[EventRounds "9"]
[EventCountry "GER"]
[SourceTitle "EXT 2018"]
[Source "ChessBase"]
[SourceDate "2017.10.13"]
[SourceVersion "1"]
[SourceVersionDate "2017.10.13"]
[SourceQuality "1"]

1. d4 Nf6 2. c4 g6 3. Nc3 d5 4. cxd5 Nxd5 5. e4 Nxc3 6. bxc3 Bg7 7. e5 0-0 8. Be2 c5 9. f4 cxd4 10. cxd4 Be6 11. Bf3 Bd5 12. Bxd5 Qxd5 13. Nf3 Nc6 14. 0-0 Rfd8 15. Be3 Na5 16. Qe2 Nc4 17. Rfc1 Rac8 18. a4 Rc6 19. h3 Rdc8 20. Rab1 Qe4 21. Kf2 Nxe3 22. Rxc6 Rxc6 23. Rb2 Qxf4 24. Qxe3 Qxe3+ 25. Kxe3 b6 26. g4 e6 27. h4 Bf8 28. h5 Rc3+ 29. Ke4 Ba3 30. Re2 Rc4 31. Kd3 Rxa4 32. hxg6 hxg6 33. Rc2 Bf8 34. Rc7 Ra3+ 35. Ke2 Bh6 36. g5 Bf8 37. Rc8 Kg7 38. Rc2 Bb4 39. Nd2 b5 40. Ne4 a6 41. Rc7 1/2-1/2